<?xml version="1.0" encoding="UTF-8"?>
<record
    xmlns:xsi="http://www.w3.org/2001/XMLSchema-instance"
    xsi:schemaLocation="http://www.loc.gov/MARC21/slim http://www.loc.gov/standards/marcxml/schema/MARC21slim.xsd"
    xmlns="http://www.loc.gov/MARC21/slim">

  <leader>02458nam a2200277 a 4500</leader>
  <controlfield tag="001">000048851</controlfield>
  <controlfield tag="003">DO-SdBNP</controlfield>
  <controlfield tag="005">20250207142031.0</controlfield>
  <controlfield tag="007">ta</controlfield>
  <controlfield tag="008">190422s2015    dr a          000 0 spa d</controlfield>
  <datafield tag="020" ind1=" " ind2=" ">
    <subfield code="a">9789945900446</subfield>
  </datafield>
  <datafield tag="040" ind1=" " ind2=" ">
    <subfield code="a">DO-SdBNP</subfield>
    <subfield code="b">spa</subfield>
    <subfield code="c">BNPHU</subfield>
  </datafield>
  <datafield tag="082" ind1=" " ind2="4">
    <subfield code="a">379.7293 </subfield>
    <subfield code="b">R426m</subfield>
    <subfield code="2">22</subfield>
  </datafield>
  <datafield tag="110" ind1="1" ind2=" ">
    <subfield code="a">Rep&#xFA;blica Dominicana.</subfield>
    <subfield code="b">Ministerio de Educaci&#xF3;n Superior, Ciencia y Tecnog&#xED;a,</subfield>
    <subfield code="9">43100</subfield>
  </datafield>
  <datafield tag="245" ind1="1" ind2="0">
    <subfield code="a">Metas Educativas :</subfield>
    <subfield code="b">Rep&#xFA;blica Dominicana hacia el 2021 : primer informe nacional de seguimiento /.</subfield>
    <subfield code="c">autores, Luz Inmaculada Madera Soriano ; Rita Montes de Oca ; </subfield>
  </datafield>
  <datafield tag="246" ind1=" " ind2=" ">
    <subfield code="a">Metas educativas 2021: Rep&#xFA;blica Dominicana hacia el 2021; primer informe nacional de seguimiento</subfield>
  </datafield>
  <datafield tag="260" ind1=" " ind2=" ">
    <subfield code="a">Santo Domingo :</subfield>
    <subfield code="b">Ministerio de Educaci&#xF3;n Superior Ciencia y Tecnolog&#xED;a ;</subfield>
    <subfield code="b">Organizaci&#xF3;n de los  Estados Ibero-Americanos</subfield>
    <subfield code="b">Organizaci&#xF3;n de Estados Iberoamericanos para la Educaci&#xF3;n, la Ciencia y la Cultura</subfield>
    <subfield code="c">2015.</subfield>
  </datafield>
  <datafield tag="300" ind1=" " ind2=" ">
    <subfield code="a">269 p. :</subfield>
    <subfield code="b">il., gr&#xE1;fs., mapas ;</subfield>
    <subfield code="c">29 cm.</subfield>
  </datafield>
  <datafield tag="504" ind1=" " ind2=" ">
    <subfield code="a">Bibliograf&#xED;a : p. 261</subfield>
  </datafield>
  <datafield tag="505" ind1="0" ind2=" ">
    <subfield code="a">Presentaci&#xF3;n --</subfield>
    <subfield code="t">Introducci&#xF3;n --</subfield>
    <subfield code="t">Rep&#xFA;blica Dominicana hacia el 2021 : significado y alcance del informe de seguimiento--</subfield>
    <subfield code="t">Las Metas Educativas 2021 en tiempo y espacio: Antecedentes regionales y nacionales --</subfield>
    <subfield code="t">Rep&#xFA;blica Dominicana hacia el 2021: Naturaleza y estructura del informe de seguimiento 2011-2013 --</subfield>
    <subfield code="t">EL contexto de las metas educativas 2021 en la Rep&#xFA;blica Dominicana --</subfield>
    <subfield code="t">La Rep&#xFA;blica Dominicana: demograf&#xED;a y desarrollo 2010-2013 --</subfield>
    <subfield code="t">El Sistema Educativo Dominicano: d&#xF3;nde estamos situados --</subfield>
    <subfield code="t">Hacia una educaci&#xF3;n dominicana de calidad: Un clima nacional a favor de las Metas Educativas 2021--</subfield>
    <subfield code="t">Rep&#xFA;blica Dominicana hacia el 20121: Avances en el el cumplimiento de las metas educativas 2021</subfield>
    <subfield code="t">Las eetas educativas, Indicadores y niveles de logro: Avances en el Sistema Educativo Dominicano al 2013 --</subfield>
    <subfield code="t">Una mirada general acerca de los avances al 2013: S&#xED;ntesis y reflexiones --</subfield>
    <subfield code="t">Meta General Primera: Reforzar y ampliar la participaci&#xF3;n de la sociedad en acci&#xF3;n educadora --</subfield>
    <subfield code="t">Meta General Segunda: Lograr la igualdad educativa y superar toda forma de discriminaci&#xF3;n en la educaci&#xF3;n.</subfield>
    <subfield code="t">Bibliograf&#xED;a.</subfield>
  </datafield>
  <datafield tag="590" ind1=" " ind2=" ">
    <subfield code="a">Invetnariado, 2019/VM</subfield>
  </datafield>
  <datafield tag="650" ind1=" " ind2="4">
    <subfield code="a">Pol&#xED;tica educativa </subfield>
    <subfield code="z">Rep&#xFA;blica Dominicana</subfield>
    <subfield code="9">737</subfield>
    <subfield code="y">2021</subfield>
  </datafield>
  <datafield tag="650" ind1=" " ind2="4">
    <subfield code="a">Educaci&#xF3;n</subfield>
    <subfield code="z">Rep&#xFA;blica Dominicana</subfield>
    <subfield code="9">737</subfield>
  </datafield>
  <datafield tag="710" ind1="2" ind2=" ">
    <subfield code="a">Ministerio de Educaci&#xF3;n Superior Ciencia y Tecnolog&#xED;a(Rep&#xFA;blica Dominicana)</subfield>
    <subfield code="9">76298</subfield>
  </datafield>
  <datafield tag="942" ind1=" " ind2=" ">
    <subfield code="2">ddc</subfield>
    <subfield code="c">LBS1</subfield>
  </datafield>
  <datafield tag="952" ind1=" " ind2=" ">
    <subfield code="0">0</subfield>
    <subfield code="1">0</subfield>
    <subfield code="2">ddc</subfield>
    <subfield code="5">1</subfield>
    <subfield code="7">0</subfield>
    <subfield code="8">PD</subfield>
    <subfield code="a">BNPHU</subfield>
    <subfield code="b">BNPHU</subfield>
    <subfield code="c">HD</subfield>
    <subfield code="d">2019-04-22</subfield>
    <subfield code="o">BNPHU PD 379.7293  R426m, 2021</subfield>
    <subfield code="p">48851-30</subfield>
    <subfield code="r">2020-06-25</subfield>
    <subfield code="t">e. 2</subfield>
    <subfield code="w">2020-06-25</subfield>
    <subfield code="y">LBS1</subfield>
  </datafield>
  <datafield tag="952" ind1=" " ind2=" ">
    <subfield code="0">0</subfield>
    <subfield code="1">0</subfield>
    <subfield code="2">ddc</subfield>
    <subfield code="5">1</subfield>
    <subfield code="7">0</subfield>
    <subfield code="8">PD</subfield>
    <subfield code="a">BNPHU</subfield>
    <subfield code="b">BNPHU</subfield>
    <subfield code="c">HD</subfield>
    <subfield code="d">2019-04-22</subfield>
    <subfield code="o">BNPHU PD 379.7293  R426m, 2021</subfield>
    <subfield code="p">48851-10</subfield>
    <subfield code="r">2020-06-25</subfield>
    <subfield code="w">2020-06-25</subfield>
    <subfield code="y">LBS1</subfield>
  </datafield>
  <datafield tag="952" ind1=" " ind2=" ">
    <subfield code="0">0</subfield>
    <subfield code="1">0</subfield>
    <subfield code="2">ddc</subfield>
    <subfield code="5">6</subfield>
    <subfield code="7">0</subfield>
    <subfield code="8">DS</subfield>
    <subfield code="a">BNPHU</subfield>
    <subfield code="b">BNPHU</subfield>
    <subfield code="c">HD</subfield>
    <subfield code="d">2023-02-17</subfield>
    <subfield code="o">BNPHU DS 379.7293  R426m 2021</subfield>
    <subfield code="p">2023-1003</subfield>
    <subfield code="r">2023-02-17</subfield>
    <subfield code="t">e.3 </subfield>
    <subfield code="w">2023-02-17</subfield>
    <subfield code="y">LBS1</subfield>
  </datafield>
  <datafield tag="999" ind1=" " ind2=" ">
    <subfield code="c">48339</subfield>
    <subfield code="d">48339</subfield>
  </datafield>
</record>
